[Event "17. Sparkassen Open 2018 - Gruppe A"]
[Site "Forchheim"]
[Date "2018.09.22"]
[Round "3.1"]
[White "Krassowizkij, Jaroslaw"]
[Black "Arnold, Max"]
[Result "1/2-1/2"]
[WhiteElo "2439"]
[BlackElo "2267"]
[PlyCount "53"]
[EventDate "2018.??.??"]
[WhiteTeam "SV Jedesheim"]
[BlackTeam "SK Ettlingen"]

1. Nf3 d5 2. c4 d4 3. c5 e5 4. Nxe5 Bxc5 5. b4 Be7 6. Bb2 Nf6 7. e3 dxe3 8.
fxe3 O-O 9. Bc4 Nc6 10. O-O Nxb4 11. Qb3 Qe8 12. Nc3 Nc6 13. Nb5 Bd8 14. Nxc6
bxc6 15. Nd4 Be7 16. Qc2 c5 17. Bb5 Bd7 18. Bxd7 Nxd7 19. Nf5 f6 20. Qc4+ Kh8
21. Qg4 g6 22. Nxe7 Qxe7 23. Rf2 Rab8 24. Bc3 Rb6 25. Raf1 Qe6 26. Qg3 Qd6 27.
Qh4 1/2-1/2

[Event "17. Sparkassen Open 2018 - Gruppe A"]
[Site "Forchheim"]
[Date "2018.09.22"]
[Round "3.2"]
[White "Yelisieiev, Yevhenii"]
[Black "Hoffmann, Hendrik"]
[Result "1-0"]
[WhiteElo "2331"]
[BlackElo "2265"]
[PlyCount "119"]
[EventDate "2018.??.??"]
[WhiteTeam "SC Noris-Tarrasch Nürnberg"]
[BlackTeam "SG Leipzig"]

1. d4 d5 2. Nf3 Nf6 3. c4 dxc4 4. e3 e6 5. Bxc4 a6 6. O-O c5 7. Qe2 b5 8. Bd3
Bb7 9. dxc5 Bxc5 10. Bxb5+ Nbd7 11. Ba4 O-O 12. Nc3 Qc7 13. Bc2 Rac8 14. Bd2
Ba7 15. Rac1 Bb8 16. Ne4 Nc5 17. Ng3 Qb6 18. Bc3 Nce4 19. Bd4 Qa5 20. b3 Nxg3
21. hxg3 Ng4 22. Rfd1 Qh5 23. e4 e5 24. Be3 Nf6 25. Bg5 Ng4 26. Bh4 Ba7 27. Rf1
Qg6 28. Rcd1 Rc3 29. Ng5 Ne3 30. fxe3 Bxe3+ 31. Kh2 Bxg5 32. Bd3 Bc8 33. Qe1
Rc6 34. Bc4 Qh6 35. Rd3 Rf6 36. Rdf3 Rf4 37. Kg1 Qb6+ 38. Kh1 Qh6 39. Kg1 Qb6+
40. Qf2 Rxf3 41. Qxb6 Be3+ 42. Qxe3 Rxe3 43. Be7 Rxg3 44. Bxf8 Kxf8 45. Rxf7+
Ke8 46. Ra7 Kd8 47. Bxa6 Be6 48. Be2 Rc3 49. Kf2 h6 50. Ke1 g5 51. Kd2 Rg3 52.
Bf1 h5 53. b4 h4 54. b5 g4 55. b6 h3 56. gxh3 gxh3 57. Ra8+ Ke7 58. b7 h2 59.
b8=Q h1=Q 60. Qf8+ 1-0

[Event "17. Sparkassen Open 2018 - Gruppe A"]
[Site "Forchheim"]
[Date "2018.09.22"]
[Round "3.3"]
[White "Böhme, Sebastian"]
[Black "Klek, Hanna Marie"]
[Result "1/2-1/2"]
[WhiteElo "1999"]
[BlackElo "2278"]
[PlyCount "92"]
[EventDate "2018.??.??"]
[WhiteTeam "SC Uttenreuth"]
[BlackTeam "SC Erlangen"]

1. e4 e5 2. Nf3 Nc6 3. Bc4 Bc5 4. c3 Nf6 5. d3 O-O 6. O-O d5 7. exd5 Nxd5 8.
Re1 Bg4 9. h3 Bh5 10. Nbd2 Nb6 11. Ne4 Be7 12. Bb3 Bg6 13. a4 a5 14. Qe2 Re8
15. Be3 Nd5 16. Rad1 Nxe3 17. Qxe3 Bf8 18. Ng3 h6 19. d4 exd4 20. Qxe8 Qxe8 21.
Rxe8 Rxe8 22. Nxd4 Nxd4 23. Rxd4 Re1+ 24. Kh2 Bd6 25. Rd1 Re7 26. Kg1 Bxg3 27.
fxg3 Re2 28. Rd8+ Kh7 29. Rd7 Rxb2 30. Bxf7 Be4 31. Rxc7 Rxg2+ 32. Kf1 Rxg3 33.
h4 h5 34. Bxh5 Bc6 35. c4 Rh3 36. Bf7 Rxh4 37. Bd5 Bxd5 38. cxd5 b6 39. Rc6
Rxa4 40. Rxb6 Rd4 41. d6 a4 42. Ra6 a3 43. Rxa3 Rxd6 44. Kg2 g5 45. Kg3 Kg6 46.
Ra8 Rd3+ 1/2-1/2

[Event "17. Sparkassen Open 2018 - Gruppe A"]
[Site "Forchheim"]
[Date "2018.09.22"]
[Round "3.4"]
[White "Bethke, Robert"]
[Black "Hilverda, Alexander"]
[Result "1/2-1/2"]
[WhiteElo "1937"]
[BlackElo "2370"]
[PlyCount "49"]
[EventDate "2018.??.??"]
[WhiteTeam "SF Neuberg"]
[BlackTeam "SC Erlangen"]

1. c4 f5 2. Nc3 Nf6 3. g3 d6 4. Bg2 g6 5. e3 Bg7 6. Nge2 O-O 7. O-O e5 8. d3 a5
9. Rb1 c6 10. a3 Be6 11. f4 Nbd7 12. b4 axb4 13. axb4 Qc7 14. Bb2 Qb6 15. Bc1
Ng4 16. c5 dxc5 17. h3 Ngf6 18. fxe5 Nxe5 19. bxc5 Qc7 20. d4 Ned7 21. Rb4 Rfe8
22. Bd2 Bf7 23. Qb1 Rab8 24. e4 Nh5 25. g4 1/2-1/2

[Event "17. Sparkassen Open 2018 - Gruppe A"]
[Site "Forchheim"]
[Date "2018.09.22"]
[Round "3.5"]
[White "Miller, Eduard"]
[Black "Hirn, Erwin"]
[Result "1/2-1/2"]
[WhiteElo "2355"]
[BlackElo "2061"]
[PlyCount "146"]
[EventDate "2018.??.??"]
[WhiteTeam "SC Erlangen"]
[BlackTeam "SK Neumarkt"]

1. Nf3 Nf6 2. g3 c5 3. Bg2 Nc6 4. O-O e6 5. d3 d5 6. Nbd2 Be7 7. e4 b6 8. Re1
Bb7 9. c3 dxe4 10. dxe4 e5 11. Nh4 g6 12. Bf1 Qd7 13. Ng2 h5 14. Ne3 Rd8 15.
Bg2 Na5 16. Qe2 b5 17. Nd5 c4 18. b4 Nc6 19. a4 a6 20. Nf1 h4 21. Nfe3 Kf8 22.
Nxf6 Bxf6 23. Nd5 Qe6 24. axb5 axb5 25. Nc7 Qd7 26. Nxb5 Nxb4 27. Ba3 Qxb5 28.
Bxb4+ Kg7 29. Ra5 Qd7 30. Qxc4 hxg3 31. hxg3 Qd2 32. Raa1 Qh6 33. Red1 Qh2+ 34.
Kf1 Rxd1+ 35. Rxd1 Ra8 36. Qe2 Ba6 37. c4 Rc8 38. Rc1 Bg5 39. Rc2 Rb8 40. Be1
Rb1 41. Qf3 Bd2 42. Rxd2 Bxc4+ 43. Qe2 Bxe2+ 44. Rxe2 Kf6 45. Re3 Ke6 46. Bf3
f5 47. Ra3 Qh3+ 48. Ke2 fxe4 49. Bxe4 Qg4+ 50. f3 Rb2+ 51. Kd3 Qg5 52. Ra6+ Kd7
53. Bc3 Rb3 54. Kc4 Rxc3+ 55. Kxc3 Qxg3 56. Rxg6 Qe1+ 57. Kc4 Qd2 58. Rg7+ Kd6
59. Rg6+ Ke7 60. Rc6 Qd4+ 61. Kb3 Qd1+ 62. Kb2 Qd2+ 63. Kb3 Qd1+ 64. Kc4 Qd4+
65. Kb5 Qb2+ 66. Ka6 Kd7 67. Rc5 Qa3+ 68. Ra5 Qd6+ 69. Kb5 Qb8+ 70. Kc4 Ke6 71.
Ra6+ Ke7 72. Rc6 Qb2 73. Rc5 Kd6 1/2-1/2

[Event "17. Sparkassen Open 2018 - Gruppe A"]
[Site "Forchheim"]
[Date "2018.09.22"]
[Round "3.6"]
[White "Gheng, Simona"]
[Black "Schäfer, Sven"]
[Result "0-1"]
[WhiteElo "2002"]
[BlackElo "1991"]
[PlyCount "92"]
[EventDate "2018.??.??"]
[WhiteTeam "SF Deizisau"]
[BlackTeam "SK Dessau 93"]

1. e4 c5 2. c4 Nc6 3. Nc3 g6 4. g3 Bg7 5. Bg2 d6 6. Nge2 e6 7. d3 Nge7 8. O-O
O-O 9. a3 Rb8 10. Rb1 f5 11. f4 Bd7 12. b4 Nd4 13. Kh1 b6 14. Nxd4 Bxd4 15. Bb2
Bg7 16. Ne2 Bxb2 17. Rxb2 Nc6 18. d4 cxb4 19. axb4 fxe4 20. Bxe4 Qf6 21. b5 Na5
22. Rc2 Rbc8 23. Bd3 Rc7 24. Qa1 Rfc8 25. Qa2 Kg7 26. Rfc1 Qe7 27. Qa3 Kf7 28.
Ng1 d5 29. c5 Nc4 30. Bxc4 dxc4 31. Nf3 Bxb5 32. Ne5+ Kg8 33. Nxc4 Qd7 34. Qe3
Qd5+ 35. Kg1 bxc5 36. dxc5 Qxc5 37. Qxc5 Rxc5 38. Na3 Rxc2 39. Rxc2 Rxc2 40.
Nxc2 Kf7 41. Kf2 Kf6 42. Ke3 e5 43. Nb4 exf4+ 44. Kxf4 g5+ 45. Ke4 a6 46. h4 g4
0-1

[Event "17. Sparkassen Open 2018 - Gruppe A"]
[Site "Forchheim"]
[Date "2018.09.22"]
[Round "3.7"]
[White "Braun, Michael"]
[Black "Schulz, Lukas"]
[Result "0-1"]
[WhiteElo "2071"]
[BlackElo "2263"]
[PlyCount "50"]
[EventDate "2018.??.??"]
[WhiteTeam "SG Büchenbach/Roth"]
[BlackTeam "SC Erlangen"]

1. d4 Nf6 2. Nf3 g6 3. g3 Bg7 4. Bg2 O-O 5. c4 d6 6. Nc3 Nc6 7. O-O e5 8. dxe5
dxe5 9. Qxd8 Rxd8 10. Bg5 Be6 11. b3 h6 12. Bxf6 Bxf6 13. Rad1 Nb4 14. Ne4 Be7
15. Nxe5 Nxa2 16. Nd3 Bg4 17. f3 Bf5 18. Rd2 Nb4 19. Nef2 Nxd3 20. exd3 Bb4 21.
Rdd1 Bc5 22. f4 Bxd3 23. Rfe1 Bc2 24. Bxb7 Bxd1 25. Bxa8 Rd2 0-1

[Event "17. Sparkassen Open 2018 - Gruppe A"]
[Site "Forchheim"]
[Date "2018.09.22"]
[Round "3.8"]
[White "Martin Fernandez, Rodrigo"]
[Black "Walter, Florian"]
[Result "0-1"]
[WhiteElo "2096"]
[BlackElo "2246"]
[PlyCount "68"]
[EventDate "2018.??.??"]
[WhiteTeam "SC Erlangen"]
[BlackTeam "SC Noris-Tarrasch Nürnberg"]

1. d4 Nf6 2. c4 g6 3. Nc3 d5 4. Bg5 Ne4 5. Nxe4 dxe4 6. Qd2 Bg7 7. e3 c5 8. Ne2
O-O 9. d5 h6 10. Bh4 Nd7 11. Nc3 f5 12. Be2 Ne5 13. O-O-O a6 14. f3 exf3 15.
gxf3 b5 16. d6 Qxd6 17. Qxd6 exd6 18. Be7 Rf7 19. Bxd6 Nxc4 20. Bxc4 bxc4 21.
Bxc5 Bb7 22. Rhf1 Re8 23. Nd5 Re5 24. e4 fxe4 25. fxe4 Rxf1 26. Rxf1 Bxd5 27.
exd5 Rxd5 28. Ba7 g5 29. Rf2 Be5 30. Kc2 Kg7 31. Re2 Kg6 32. Be3 g4 33. Bd2 h5
34. Be3 Bf4 0-1

[Event "17. Sparkassen Open 2018 - Gruppe A"]
[Site "Forchheim"]
[Date "2018.09.22"]
[Round "3.9"]
[White "Pfitzer, Norbert"]
[Black "Humburg, Philipp"]
[Result "0-1"]
[WhiteElo "2093"]
[BlackElo "2253"]
[PlyCount "78"]
[EventDate "2018.??.??"]
[WhiteTeam "SV Backnang"]
[BlackTeam "SK Vellmar"]

1. Nf3 Nf6 2. d4 e6 3. g3 b5 4. Bg2 Bb7 5. O-O c5 6. c3 Be7 7. h3 O-O 8. a4 b4
9. dxc5 Bxc5 10. cxb4 Bxb4 11. Nc3 d5 12. Qb3 a5 13. Rd1 Na6 14. Be3 Qe7 15.
Rac1 Rfc8 16. Bd4 Nc5 17. Qa2 Ba6 18. b3 Rab8 19. Bf1 h6 20. Ne5 Qb7 21. f3 Rc7
22. e3 Bxf1 23. Rxf1 Bxc3 24. Rxc3 Rbc8 25. Rfc1 Na6 26. Nd3 Rxc3 27. Rxc3 Rxc3
28. Bxc3 d4 29. Bxd4 Qxf3 30. Kh2 Qd1 31. Nf2 Qf3 32. Nd3 Nd5 33. Qd2 Ndc7 34.
Ne5 Qf5 35. Nc4 Nb4 36. Bb6 Ncd5 37. Bxa5 Nd3 38. Nd6 Qf1 39. Nc4 Nf2 0-1

[Event "17. Sparkassen Open 2018 - Gruppe A"]
[Site "Forchheim"]
[Date "2018.09.22"]
[Round "3.10"]
[White "Faßhauer, Jacob"]
[Black "Nguyen, Alex Dac-Vuong"]
[Result "1/2-1/2"]
[WhiteElo "2056"]
[BlackElo "2240"]
[PlyCount "20"]
[EventDate "2018.??.??"]
[WhiteTeam "SG Leipzig"]
[BlackTeam "SG Leipzig"]

1. d4 Nf6 2. c4 e6 3. Nc3 Bb4 4. Qc2 O-O 5. e4 Bxc3+ 6. bxc3 d6 7. Bd3 e5 8.
Ne2 Nc6 9. O-O Re8 10. f4 Bg4 1/2-1/2

[Event "17. Sparkassen Open 2018 - Gruppe A"]
[Site "Forchheim"]
[Date "2018.09.22"]
[Round "3.11"]
[White "Muskat, Gunter"]
[Black "Bethke, Richard"]
[Result "0-1"]
[WhiteElo "2048"]
[BlackElo "2212"]
[PlyCount "146"]
[EventDate "2018.??.??"]
[WhiteTeam "SG Büchenbach/Roth"]
[BlackTeam "SF Neuberg"]

1. d4 Nf6 2. c4 e6 3. Nc3 Bb4 4. e3 b6 5. f3 O-O 6. e4 Ne8 7. Nh3 d5 8. Bd3 c5
9. a3 dxc4 10. Bxc4 Qxd4 11. Qxd4 cxd4 12. axb4 dxc3 13. bxc3 Nd6 14. Be2 e5
15. Nf2 Be6 16. Be3 Nc6 17. O-O Bc4 18. Rfd1 Bxe2 19. Rxd6 Rac8 20. Ra2 Bb5 21.
Rad2 Rfd8 22. Nd1 Rxd6 23. Rxd6 Bc4 24. Bd2 Kf8 25. Ne3 Be6 26. Rd3 Ke8 27. Kf2
Rd8 28. Nd5 Bxd5 29. Rxd5 Ne7 30. Rxd8+ Kxd8 31. Ke2 Kc7 32. Kd3 Kc6 33. Kc4 a6
34. Be3 Nc8 35. Kb3 Nd6 36. c4 b5 37. cxb5+ axb5 38. Bc5 Nc4 39. Kc3 Kd7 40.
Kd3 Ke6 41. Bf2 g6 42. Bh4 f5 43. Bg5 Nd6 44. Be3 h5 45. Bg5 Nf7 46. Be3 f4 47.
Bc5 g5 48. Ke2 g4 49. Bf2 Nd8 50. Kd3 Nc6 51. Kc3 Kf6 52. Bh4+ Kg6 53. Bf2 Kg5
54. h4+ Kf6 55. Bc5 Ke6 56. Kd3 Nd8 57. fxg4 hxg4 58. Ke2 Nb7 59. Bf2 Nd6 60.
Kd3 g3 61. Bc5 Nb7 62. Ba7 Kf6 63. Ke2 Nd6 64. Kf3 Nc4 65. Ke2 Kg6 66. Bc5 Kh5
67. Be7 Kg4 68. Bf6 Ne3 69. Bxe5 Nxg2 70. Bd4 f3+ 71. Kf1 Nf4 72. e5 g2+ 73.
Ke1 Nd3+ 0-1

[Event "17. Sparkassen Open 2018 - Gruppe A"]
[Site "Forchheim"]
[Date "2018.09.22"]
[Round "3.12"]
[White "Hesse, Henrik"]
[Black "Gheng, Dominik"]
[Result "1/2-1/2"]
[WhiteElo "2218"]
[BlackElo "1995"]
[PlyCount "26"]
[EventDate "2018.??.??"]
[WhiteTeam "SV Mattnetz Berlin"]
[BlackTeam "Schach-Kids Bernhausen"]

1. c4 e5 2. g3 Nf6 3. Bg2 d5 4. cxd5 Nxd5 5. Nc3 Be6 6. Qb3 Nb4 7. Qa4+ Bd7 8.
Qd1 Bc6 9. Nf3 Nd7 10. O-O Bc5 11. a3 Nd5 12. d4 exd4 13. Nxd4 Bxd4 1/2-1/2

[Event "17. Sparkassen Open 2018 - Gruppe A"]
[Site "Forchheim"]
[Date "2018.09.22"]
[Round "3.13"]
[White "Lutter, Maximilian"]
[Black "Kotz, Reinhard"]
[Result "1-0"]
[WhiteElo "1883"]
[BlackElo "2171"]
[PlyCount "65"]
[EventDate "2018.??.??"]
[WhiteTeam "SC Noris-Tarrasch Nürnberg"]
[BlackTeam "SK Herzogenaurach"]

1. d4 d5 2. c4 e6 3. Nc3 Nf6 4. cxd5 exd5 5. Bg5 Nbd7 6. e3 c6 7. Bd3 Be7 8.
Qc2 h6 9. Bh4 Nh5 10. Bxe7 Qxe7 11. Nce2 Nb6 12. h3 Bd7 13. Nf3 Nf6 14. Ng3 Be6
15. O-O O-O 16. Rab1 a5 17. a3 Rfc8 18. Ne5 Nfd7 19. f4 c5 20. Qe2 Nxe5 21.
dxe5 Bd7 22. Rbd1 f6 23. Qh5 fxe5 24. fxe5 Be8 25. Nf5 Qe6 26. Qh4 Rc7 27. Rf3
Nc4 28. Bxc4 dxc4 29. Rd6 Qxe5 30. Qxc4+ Rf7 31. Re6 Qxb2 32. Nxh6+ Kh7 33.
Qe4+ 1-0

[Event "17. Sparkassen Open 2018 - Gruppe A"]
[Site "Forchheim"]
[Date "2018.09.22"]
[Round "3.14"]
[White "Böhme, Markus"]
[Black "Kast, Joannis"]
[Result "1/2-1/2"]
[WhiteElo "2096"]
[BlackElo "2066"]
[PlyCount "42"]
[EventDate "2018.??.??"]
[WhiteTeam "SC Uttenreuth"]
[BlackTeam "SK Jöhlingen"]

1. d4 d5 2. Nf3 Nf6 3. Bf4 e6 4. e3 c5 5. c3 Nc6 6. Nbd2 Bd6 7. Bg3 Nh5 8. Be5
Nf6 9. Bd3 Qc7 10. Bxd6 Qxd6 11. Qe2 O-O 12. O-O e5 13. dxe5 Nxe5 14. Nxe5 Qxe5
15. e4 dxe4 16. Nxe4 Nxe4 17. Qxe4 Qxe4 18. Bxe4 Be6 19. b3 Rab8 20. Rfd1 b6
21. Rd6 Rfd8 1/2-1/2

[Event "17. Sparkassen Open 2018 - Gruppe A"]
[Site "Forchheim"]
[Date "2018.09.22"]
[Round "3.15"]
[White "Eichschmied, Patrick"]
[Black "Gramb, Marius"]
[Result "0-1"]
[WhiteElo "1895"]
[BlackElo "2073"]
[PlyCount "102"]
[EventDate "2018.??.??"]
[WhiteTeam "MTV Ingolstadt"]
[BlackTeam "Brühler SK"]

1. e4 c5 2. Nf3 d6 3. d4 cxd4 4. Nxd4 Nf6 5. Nc3 a6 6. Be3 Ng4 7. Bg5 Qa5 8.
Qd2 e6 9. f3 h6 10. Bh4 Ne5 11. O-O-O Nbc6 12. Nb3 Qc7 13. f4 Ng6 14. Bg3 Be7
15. Kb1 Bd7 16. Be2 O-O-O 17. Bh5 Rhf8 18. Rhe1 Kb8 19. Qe3 Bc8 20. Bf2 b5 21.
g3 Rd7 22. Bf3 Rfd8 23. h4 Bf6 24. h5 Nf8 25. g4 Nb4 26. Re2 Nc6 27. Red2 Be7
28. Ne2 Bb7 29. Ned4 e5 30. Nxc6+ Bxc6 31. Qb6+ Qxb6 32. Bxb6 Rc8 33. fxe5 dxe5
34. Rxd7 Bxd7 35. Ba5 Be6 36. Bc3 f6 37. Be2 Nd7 38. Ba5 Kb7 39. Be1 Kb8 40.
Na5 Nc5 41. Bc3 Na4 42. a3 Kc7 43. Nb3 Bc5 44. Nxc5 Nxc5 45. Ba5+ Kc6 46. b3
Nb7 47. Bb4 a5 48. Be1 Ra8 49. Kb2 Bf7 50. c3 a4 51. b4 Nd6 0-1

[Event "17. Sparkassen Open 2018 - Gruppe A"]
[Site "Forchheim"]
[Date "2018.09.22"]
[Round "3.16"]
[White "Kilian, Markus"]
[Black "Pichl, Michael"]
[Result "1-0"]
[WhiteElo "2065"]
[BlackElo "2051"]
[PlyCount "53"]
[EventDate "2018.??.??"]
[WhiteTeam "SV Würzburg"]
[BlackTeam "SV Empor Erfurt"]

1. d4 g6 2. c4 Bg7 3. e4 d6 4. Nc3 Nd7 5. Be3 e5 6. Nge2 c6 7. Qd2 a6 8. O-O-O
Ngf6 9. f3 O-O 10. d5 c5 11. g4 b5 12. h4 Nb6 13. Ng3 Nxc4 14. Bxc4 bxc4 15. h5
Ra7 16. Bh6 Bxh6 17. Qxh6 Qe8 18. g5 Nxh5 19. Nxh5 gxh5 20. Rxh5 f6 21. gxf6
Rff7 22. Rg1+ Kh8 23. Rhg5 Qf8 24. Qh4 h6 25. Na4 Rh7 26. Rg6 Rhb7 27. Qg3 1-0

[Event "17. Sparkassen Open 2018 - Gruppe A"]
[Site "Forchheim"]
[Date "2018.09.22"]
[Round "3.17"]
[White "Glawe, Ralf"]
[Black "Steinhart, Christoph"]
[Result "1-0"]
[WhiteElo "2060"]
[BlackElo "1987"]
[PlyCount "113"]
[EventDate "2018.??.??"]
[WhiteTeam "MTV Ingolstadt"]
[BlackTeam "TSV Schönaich"]

1. e4 e6 2. d4 d5 3. Nd2 Nf6 4. e5 Nfd7 5. Bd3 c5 6. c3 Nc6 7. Ne2 cxd4 8. cxd4
f6 9. exf6 Nxf6 10. Nf3 Bd6 11. O-O Qc7 12. Bg5 O-O 13. Rc1 Bd7 14. Ng3 Rae8
15. Re1 Qb8 16. Bb1 Re7 17. a3 Be8 18. b4 a6 19. Qb3 h6 20. Bd2 Nh5 21. Qc2 Nf6
22. Bc3 Bf4 23. Rcd1 Bxg3 24. hxg3 Ne4 25. Bb2 Bg6 26. Qe2 Qe8 27. Bd3 Bh7 28.
Qc2 g5 29. Re2 Rf6 30. Nd2 Nd6 31. Rf1 Bxd3 32. Qxd3 Kg7 33. Nb3 Nc4 34. Nc5
Qg6 35. Qc3 Nd6 36. a4 Nc4 37. b5 axb5 38. axb5 N6a5 39. Ba3 b6 40. Nd3 Nxa3
41. Qxa3 Qe8 42. Ne5 Nc4 43. Nxc4 dxc4 44. d5 Kf7 45. Qb4 Qc8 46. Qb1 Qc5 47.
dxe6+ Kg7 48. Re3 Rf5 49. Qb2+ Kg8 50. Rd1 Rd5 51. Ra1 Qd4 52. Qa3 Qc5 53. Qa8+
Kg7 54. Rf3 c3 55. Qf8+ Kh7 56. Qxe7+ Qxe7 57. Rf5 1-0

[Event "17. Sparkassen Open 2018 - Gruppe A"]
[Site "Forchheim"]
[Date "2018.09.22"]
[Round "3.18"]
[White "Paeslack, Luis"]
[Black "Monninger, Moritz"]
[Result "1/2-1/2"]
[WhiteElo "1897"]
[BlackElo "2096"]
[PlyCount "103"]
[EventDate "2018.??.??"]
[WhiteTeam "TV-Großostheim"]
[BlackTeam "SK Herzogenaurach"]

1. d4 d5 2. c4 e6 3. Nc3 Nf6 4. cxd5 exd5 5. Bg5 Be7 6. Nf3 c6 7. Qc2 g6 8. e3
Bf5 9. Bd3 Bxd3 10. Qxd3 Nbd7 11. O-O O-O 12. h3 Bd6 13. Rab1 a5 14. b3 Kg7 15.
Rbc1 h6 16. Bh4 g5 17. Bg3 Bxg3 18. fxg3 Nh5 19. Ne2 Qc7 20. Qf5 Ndf6 21. Nxg5
Qd7 22. g4 Qxf5 23. Rxf5 hxg5 24. gxh5 Ne4 25. Nc3 Nxc3 26. Rxc3 f6 27. Kf2
Rfe8 28. a3 Re4 29. g4 Rae8 30. Kf3 Kf7 31. b4 axb4 32. axb4 Ra8 33. b5 Re6 34.
bxc6 bxc6 35. Rb3 Ra7 36. h4 gxh4 37. g5 Kg7 38. Kg4 fxg5 39. Rxg5+ Kh6 40.
Kxh4 Ra1 41. Re5 Rxe5 42. dxe5 Ra4+ 43. Kg3 Kxh5 44. Rc3 Rc4 45. Rxc4 dxc4 46.
Kf3 Kg6 47. e4 Kf7 48. Ke3 c5 49. Kd2 Ke6 50. Kc3 Kxe5 51. Kxc4 Kxe4 52. Kxc5
1/2-1/2

[Event "17. Sparkassen Open 2018 - Gruppe A"]
[Site "Forchheim"]
[Date "2018.09.22"]
[Round "3.19"]
[White "Amtmann, Florian"]
[Black "Reinhard, Ralf-Peter"]
[Result "1-0"]
[WhiteElo "2087"]
[BlackElo "1893"]
[PlyCount "74"]
[EventDate "2018.??.??"]
[WhiteTeam "Spvgg Stetten"]
[BlackTeam "vereinslos"]

1. e4 e5 2. Bc4 Nf6 3. d3 Nc6 4. Nf3 Bc5 5. c3 d6 6. O-O O-O 7. Bg5 a6 8. Bb3
b5 9. Re1 Qe7 10. d4 Bb6 11. a4 Bg4 12. Bd5 Bd7 13. axb5 axb5 14. Rxa8 Rxa8 15.
Na3 Ra5 16. Bd2 Nd8 17. Bb3 h6 18. c4 bxc4 19. Nxc4 Ra8 20. dxe5 dxe5 21. Nfxe5
Bd4 22. Nxd7 Qxd7 23. h3 Ne6 24. e5 Nd5 25. Be3 c5 26. Bxd4 Nxd4 27. Nd6 Qc6
28. Nf5 Nxb3 29. Qxb3 Re8 30. Nd6 Rf8 31. Qc4 Nb6 32. Qg4 Qa4 33. Qg3 Qc2 34.
Qg4 Qa4 35. Re4 Qd7 36. Nf5 g6 37. e6 Qc8 1-0

[Event "17. Sparkassen Open 2018 - Gruppe A"]
[Site "Forchheim"]
[Date "2018.09.22"]
[Round "3.20"]
[White "Tschernatsch, Johannes"]
[Black "Azimi, Reza"]
[Result "1-0"]
[WhiteElo "1801"]
[BlackElo "2037"]
[PlyCount "111"]
[EventDate "2018.??.??"]
[WhiteTeam "USV Potsdam"]
[BlackTeam "Münchener SC"]

1. e4 a6 2. d4 b5 3. Nf3 Bb7 4. Bd3 e6 5. Be3 Nf6 6. Nbd2 d6 7. O-O Nbd7 8. c3
e5 9. a4 Be7 10. axb5 axb5 11. dxe5 dxe5 12. Bxb5 O-O 13. Bxd7 Qxd7 14. Nxe5
Qe6 15. Rxa8 Bxa8 16. Nef3 Nxe4 17. Nd4 Qg6 18. N2f3 Rd8 19. Qb3 Bd6 20. Rd1
Nc5 21. Qc2 Be4 22. Qe2 Bd3 23. Qd2 Be4 24. Qe2 Bd3 25. Qd2 Ba6 26. Nc6 Rf8 27.
Bf4 Nd3 28. Nfe5 Qe4 29. Nxd3 Qxc6 30. Bxd6 Qxd6 31. Nb4 Qxd2 32. Rxd2 Re8 33.
f3 Bc8 34. Nd5 c6 35. Nc7 Rf8 36. Re2 Bd7 37. Na6 Be6 38. Nc5 Bd5 39. b3 f6 40.
c4 Bf7 41. Re7 Rc8 42. Kf2 Kf8 43. Rb7 g5 44. Ne4 Ra8 45. Nxf6 Ra2+ 46. Kg3 h6
47. Nd7+ Ke8 48. Ne5 Be6 49. Nxc6 Bf5 50. Nd4 Bc8 51. Rh7 Rd2 52. Nc6 Rd6 53.
Rh8+ Kd7 54. Ne5+ Kc7 55. c5 Rf6 56. b4 1-0

[Event "17. Sparkassen Open 2018 - Gruppe A"]
[Site "Forchheim"]
[Date "2018.09.22"]
[Round "3.21"]
[White "Kalinin, Oleksandr"]
[Black "Steinbach, Peter"]
[Result "1/2-1/2"]
[WhiteElo "2113"]
[BlackElo "1959"]
[PlyCount "46"]
[EventDate "2018.??.??"]
[WhiteTeam "Münchener SC"]
[BlackTeam "SV Crailsheim"]

1. d4 Nf6 2. Nf3 g6 3. c4 Bg7 4. Nc3 d6 5. e4 O-O 6. Be2 Na6 7. O-O e5 8. Be3
Ng4 9. Bg5 Qe8 10. d5 f6 11. Bd2 f5 12. Ne1 Nf6 13. f3 fxe4 14. fxe4 Nc5 15.
Bf3 a5 16. b3 Rf7 17. Be3 Qf8 18. Nd3 b6 19. Nf2 Bh6 20. Qd2 Bxe3 21. Qxe3 Qg7
22. Rab1 g5 23. a3 a4 1/2-1/2

[Event "17. Sparkassen Open 2018 - Gruppe A"]
[Site "Forchheim"]
[Date "2018.09.22"]
[Round "3.22"]
[White "Meulner, Klaus"]
[Black "Kocak, Ediz"]
[Result "1-0"]
[WhiteElo "2120"]
[BlackElo "1794"]
[PlyCount "85"]
[EventDate "2018.??.??"]
[WhiteTeam "SW Nürnberg Süd"]
[BlackTeam "SGem Fürth"]

1. Nf3 Nf6 2. c4 c6 3. g3 d5 4. Bg2 g6 5. b3 Bg7 6. Bb2 O-O 7. O-O b6 8. d3 Bb7
9. Nbd2 Nbd7 10. Qc2 Rc8 11. e4 dxe4 12. dxe4 e6 13. Rad1 Qc7 14. Rfe1 e5 15.
Nb1 Rfe8 16. Ba3 Bf8 17. Bxf8 Nxf8 18. Nc3 Rcd8 19. Na4 Bc8 20. h3 Ne6 21. c5
Nd7 22. cxb6 axb6 23. Nc3 f6 24. b4 Nb8 25. Bf1 Kg7 26. Bc4 Rxd1 27. Rxd1 Rd8
28. Bf1 Rxd1 29. Qxd1 Qd7 30. Qxd7+ Nxd7 31. a4 c5 32. b5 Bb7 33. Nd2 Kf8 34.
Nc4 Ke7 35. Bg2 Nd4 36. f4 g5 37. f5 Nc2 38. Kf2 Nb4 39. Ke3 Kd8 40. Bf3 Ke7
41. Bd1 Ba8 42. Bb3 Bb7 43. Kd2 1-0

[Event "17. Sparkassen Open 2018 - Gruppe A"]
[Site "Forchheim"]
[Date "2018.09.22"]
[Round "3.24"]
[White "von Zimmermann, Georg"]
[Black "Heppert, Lars"]
[Result "1-0"]
[WhiteElo "2036"]
[BlackElo "1970"]
[PlyCount "39"]
[EventDate "2018.??.??"]
[WhiteTeam "MSA Zugzwang"]
[BlackTeam "SK Neuburg"]

1. e4 c5 2. Nf3 g6 3. c3 Nf6 4. e5 Nd5 5. d4 cxd4 6. Bc4 Nb6 7. Bb3 d5 8. cxd4
Bg4 9. Nc3 Nc6 10. Be3 Bg7 11. h3 Bxf3 12. Qxf3 e6 13. h4 O-O 14. h5 h6 15.
hxg6 fxg6 16. Qg4 Kh7 17. Qxe6 Ne7 18. Bg5 Re8 19. Qf7 Qd7 20. Rxh6# 1-0

[Event "17. Sparkassen Open 2018 - Gruppe A"]
[Site "Forchheim"]
[Date "2018.09.22"]
[Round "3.25"]
[White "Seidel, Michael"]
[Black "Köhler, Lukas"]
[Result "0-1"]
[WhiteElo "2042"]
[BlackElo "1926"]
[PlyCount "90"]
[EventDate "2018.??.??"]
[WhiteTeam "SC Schwarzenbach"]
[BlackTeam "SC Bamberg"]

1. e4 c5 2. Be2 Nf6 3. d3 Nc6 4. f4 d5 5. Nc3 a6 6. e5 Ng8 7. Nf3 Bg4 8. O-O e6
9. Qe1 Nge7 10. b3 Nf5 11. Bd2 Be7 12. Kh1 b5 13. Ng1 Bxe2 14. Ncxe2 h5 15. c3
h4 16. Nf3 a5 17. Qf2 d4 18. c4 bxc4 19. bxc4 Nb4 20. Bxb4 axb4 21. Nd2 Ne3 22.
Rfc1 Ra3 23. Nb3 h3 24. Qf3 hxg2+ 25. Kg1 O-O 26. Ng3 Qa8 27. Qe2 Qa7 28. Ne4
Ra8 29. Qe1 Qc7 30. Qf2 R8a6 31. h4 Qa7 32. Rcb1 Rxa2 33. Qg3 Nf5 34. Qg4 Bxh4
35. Nbxc5 R6a5 36. Nb3 R5a3 37. c5 Qa6 38. Qf3 Bd8 39. Nd6 Nh4 40. Qe4 Qa4 41.
Nxd4 b3 42. Nc4 Qb4 43. Qc6 Be7 44. Qe8+ Bf8 45. Nxe6 Nf3# 0-1

[Event "17. Sparkassen Open 2018 - Gruppe A"]
[Site "Forchheim"]
[Date "2018.09.22"]
[Round "3.26"]
[White "Braun, Kristin"]
[Black "Willim, Michael"]
[Result "0-1"]
[WhiteElo "1919"]
[BlackElo "2120"]
[PlyCount "40"]
[EventDate "2018.??.??"]
[WhiteTeam "SC JÄKLECHEMIE"]
[BlackTeam "SC Erlangen"]

1. e4 e5 2. Bc4 Nf6 3. d3 Nc6 4. Nf3 Bc5 5. c3 d6 6. Bb3 a6 7. h3 Ba7 8. Nbd2
Be6 9. Bc2 h6 10. Nf1 d5 11. Ng3 Qd7 12. Qe2 d4 13. Nh4 g6 14. Nf3 Qd6 15. Bb3
Bxb3 16. axb3 dxc3 17. bxc3 O-O-O 18. d4 exd4 19. O-O d3 20. Qd2 Qxg3 0-1